Análisis y revalidación del diseño de la CPUCR
Enregistré dans:
| Auteur principal: | |
|---|---|
| Autres auteurs: | |
| Format: | Livre |
| Publié: |
[San José, Costa Rica]
2002
|
| Sujets: | |
| Tags: |
Ajouter un tag
Pas de tags, Soyez le premier à ajouter un tag!
|
MARC
| LEADER | 00000nam a2200000Ia 4500 | ||
|---|---|---|---|
| 003 | 009055 | ||
| 005 | 20221231144055.0 | ||
| 008 | 140114s2002 cr a 000 ||s d | ||
| 040 | |c cru CEDI | ||
| 090 | |a TFG 4616 | ||
| 100 | |a Arguedas B., José Pablo |9 4116 | ||
| 245 | |a Análisis y revalidación del diseño de la CPUCR | ||
| 260 | |c 2002 |b [San José, Costa Rica] | ||
| 300 | |a xiii, 119 hojas | ||
| 500 | |a Proyecto de graduación (bachillerato en ingeniería eléctrica)--Universidad de Costa Rica. Facultad de Ingeniería. Escuela de Ingeniería Eléctrica | ||
| 650 | |x CPUCR (MICROPROCESADOR) |x DISEÑO |x SEÑALES |x NORMAS |9 4119 | ||
| 700 | |9 4118 |a Yu Lo, Lochi | ||
| 942 | |c TFG | ||
| 999 | |c 16490 |d 16490 | ||
